01534nam a2200265 a 4500008004100000020001500041050001400056100002000070245014000090250001200230260003000242300002300272350001300295650003700308650001800345700001400363700001600377995016200393995015300555995015300708999001700861952013000878952013001008952013001138080916s2003 ||||||||||||||||| || u a8121912237 aQC 35 Ava aAvadhanula, M.N10aExperiments in engineering physics: a laboratory manual and workbook with viva voce -- 3rd ed.cM.N. Avadhanulu; A.A. Dani; P.M. Pokley a3rd ed. aNew DelhibS. Chandc2003 axviii, 244p.: ill. a36500.00 aPHYSICS--HANDBOOKS, MANUALS, ETC 7aSCIENCE2fast aDani, A.A aPokley, P.M aMAIN LIBRARY OPEN ACCESSD0.00e738605FCBU-MAIN LIBRARY (Kitwe)H1I0.00jQC 35 AvaM2UAVAILABLEWSep 18, 2008y738605ZMain Library Open Access Collection aBINDERY (DAMAGED)D0.00e738604FCBU-MAIN LIBRARY (Kitwe)H1I0.00jQC 35 AvaM1UDAMAGEDWSep 18, 2008y738604ZMain Library Open Access Collection aBINDERY (DAMAGED)D0.00e738606FCBU-MAIN LIBRARY (Kitwe)H1I0.00jQC 35 AvaM2UDAMAGEDWSep 18, 2008y738606ZMain Library Open Access Collection c62943d62943 00102lcc4070a001b001cMain Library Open Access Collectiond2022-12-16l0oQC 35 Avap738605r2022-12-16w2022-12-16y002 00102lcc4070a001b001cMain Library Open Access Collectiond2022-12-16l0oQC 35 Avap738604r2022-12-16w2022-12-16y002 00102lcc4070a001b001cMain Library Open Access Collectiond2022-12-16l0oQC 35 Avap738606r2022-12-16w2022-12-16y002